Bryan Ferry / Roxy Music Songs by Lyrics - Statistics

General Stats
  • This quiz has been taken 91 times
  • The average score is 7 of 10
Answer Stats
Lyrics Song % Correct
I didn't mean to hurt you / I'm sorry that I made you cry Jealous Guy
88%
Much communication in a motion / Without conversation or a notion Avalon
83%
I say go, she say yes / Dim the lights, you can guess the rest Love is the Drug
83%
Yesterday, well it seemed so cool / When I walked you home, kissed goodnight Dance Away
78%
Tell her I'll be waiting / In the usual place Slave to Love
77%
You know we made a vow / Not to leave one another never Let's Stick Together
73%
Make me a deal and make it straight / All signed and sealed, I'll take it Virginia Plain
71%
Some expression in your eyes / Overtook me by surprise Oh Yeah
57%
Mama says "Truth is all that matters / Lying and deceiving is a sin" Don't Stop the Dance
43%
I am for a life around the corner / That takes you by surprise Manifesto
31%
No matching quizzes found
Score Distribution
Percent of People with Each Score
Percentile by Number Answered
Your Score History
You have not taken this quiz